[Event "LSS SE-2009-0-00030"]
[Site "LSS email"]
[Date "2009.10.01"]
[Round "?"]
[White "Cipka, Ivan Jr"]
[Black "Moreira Lopes, Jose Carlos"]
[Result "0-1"]
[WhiteElo "800"]
[BlackElo "1460"]
[PlyCount "38"]
[EventDate "2009.07.18"]
[EventType "tourn (corr)"]
[EventRounds "6"]
[EventCountry "GER"]
[SourceTitle "Telechess CBM 137"]
[Source "ChessBase"]
[SourceDate "2010.07.15"]
[SourceVersion "1"]
[SourceVersionDate "2010.07.15"]
[SourceQuality "1"]

1. e4 c5 2. Nf3 d6 3. d4 cxd4 4. Nxd4 Nf6 5. Nc3 a6 6. Bg5 e6 7. f4 Be7 8. Bd3 Nbd7 9. 0-0 Qb6 10. Bc4 e5 11. fxe5 dxe5 12. Bxf6 Nxf6 13. Nd5 Nxd5 14. Bxd5 Bf6 15. Qh5 Qxd4+ 16. Kh1 0-0 17. c3 Qd2 18. Rab1 Rb8 19. Rfd1 Qf4 0-1

[Event "LSS SE-2009-0-00030"]
[Site "LSS email"]
[Date "2009.10.01"]
[Round "?"]
[White "Cipka, Ivan Jr"]
[Black "Stadler, Pavel"]
[Result "0-1"]
[WhiteElo "800"]
[BlackElo "1253"]
[PlyCount "36"]
[EventDate "2009.07.18"]
[EventType "tourn (corr)"]
[EventRounds "6"]
[EventCountry "GER"]
[SourceTitle "Telechess CBM 137"]
[Source "ChessBase"]
[SourceDate "2010.07.15"]
[SourceVersion "1"]
[SourceVersionDate "2010.07.15"]
[SourceQuality "1"]

1. e4 c5 2. Nf3 Nc6 3. d4 cxd4 4. Nxd4 g6 5. Nxc6 bxc6 6. Bc4 Bg7 7. Qf3 e6 8. Nc3 Ne7 9. Bg5 0-0 10. 0-0 d5 11. exd5 cxd5 12. Bb3 Ba6 13. Rfe1 Qc7 14. Bf6 Nf5 15. Bxg7 Kxg7 16. Qd1 Bc4 17. Bxc4 Qxc4 18. Ne2 Rfc8 0-1

[Event "LSS RN-2009-0-00224"]
[Site "LSS email"]
[Date "2009.08.11"]
[Round "?"]
[White "Cipka, Ivan Jr"]
[Black "Allwardt, David Lawrence"]
[Result "1/2-1/2"]
[WhiteElo "1367"]
[BlackElo "888"]
[PlyCount "77"]
[EventDate "2009.07.12"]
[EventType "tourn (corr)"]
[EventRounds "6"]
[EventCountry "GER"]
[SourceTitle "Corr 2011"]
[Source "ChessBase"]
[SourceDate "2010.08.31"]
[SourceVersion "1"]
[SourceVersionDate "2010.08.31"]
[SourceQuality "1"]

1. e4 c5 2. Nf3 d6 3. d4 cxd4 4. Nxd4 e5 5. Nb3 Nf6 6. Nc3 Be7 7. Be2 0-0 8. 0-0 Nc6 9. Be3 Be6 10. Bf3 Nd7 11. Qe2 Bg5 12. Bxg5 Qxg5 13. Nb5 Qe7 14. Rad1 Nc5 15. Nxd6 Nxb3 16. cxb3 Nd4 17. Rxd4 exd4 18. Nf5 Bxf5 19. exf5 Qxe2 20. Bxe2 Rad8 21. Rd1 Rfe8 22. Bd3 Rd7 23. Kf1 Rde7 24. g3 h5 25. h4 Kf8 26. Kg2 Re1 27. Rd2 Ra1 28. a4 Rae1 29. Kf3 R1e7 30. Rc2 f6 31. b4 Rd8 32. Rc1 Kg8 33. a5 a6 34. Rc5 Rde8 35. Kf4 Re1 36. b5 Rd1 37. bxa6 bxa6 38. Bxa6 Rd2 39. Bc4+ 1/2-1/2